Himalayathile theerthasthalikaliloode(ഹിമാലയത്തിലെ തീർത്ഥ സ്ഥലികളിലൂടെ) (Record no. 115293)

MARC details
000 -LEADER
fixed length control field 00312 a2200097 4500
020 ## - INTERNATIONAL STANDARD BOOK NUMBER
International Standard Book Number 9789370982000
100 ## - MAIN ENTRY--PERSONAL NAME
Personal name Babu John
245 ## - TITLE STATEMENT
Title Himalayathile theerthasthalikaliloode(ഹിമാലയത്തിലെ തീർത്ഥ സ്ഥലികളിലൂടെ)
260 ## - PUBLICATION, DISTRIBUTION, ETC. (IMPRINT)
Name of publisher, distributor, etc D C books
Date of publication, distribution, etc 2025
942 ## - ADDED ENTRY ELEMENTS (KOHA)
Koha item type On order/under processing
Holdings
Withdrawn status Lost status Damaged status Not for loan Home library Current library Date acquired Source of acquisition Cost, normal purchase price Total Checkouts Barcode Date last seen Cost, replacement price Price effective from Koha item type
        University Library University Library 02/03/2026 275 466.02   00097372 02/03/2026 699.00 02/03/2026 On order/under processing
University Library, CUSAT